00816nam a22002297a 450000500170000002000180001704100080003508200220004310000210006524500970008625000120018326000400019530000510023550400220028665000250030870000300033370000200036370000230038394200120040699900170041895201510043520260525145746.0 a9780070091245 aENG a338.6041 ROSbROS aRoss,Stephen A.  aCorporate finance/cStephen A Ross, Randolph W Westerfield , Jeffrey Jaffe, Ram Kumar Kakani a8th ed. aNew Delhi :bMc Graw Hill ,c2009 . axxxiv , 1105 pages :c24 cm .billustrations ; aInclude Indexes . aFinancial Management a Westerfield, Randolph W. a Jaffe, Jeffrey a Kakani, Ram Kumar 2ddccBK c24353d24353 00102ddc4070aIPEbIPEcS Campusd2026-05-25e Donated by Prof. S. Sathish Kumar (IPE Faculty)l0o338.6041 ROSp51077r2026-05-25 13:50:38yBK